Harry Potter - Les Créatures - Statistiques

Statistiques générales
  • Ce quiz a été pris 1 577 fois
  • Le résultat moyen est 12 sur 27
Statistiques - réponses
Définition Créature % Correct
Serpent légendaire naissant d'un oeuf de poule couvé par un crapaud. Basilic
92%
Célèbre animal magique volant, réputé pour son agressivité et sa capacité à cracher du feu. Dragon
84%
Magnifique animal de couleur blanche réputée pour sa pureté. Son crin est utilisé pour faire le coeur de certaines baguettes. Licorne
80%
Magnifique oiseau d'une couleur rouge vif ayant des larmes aux propriétés curatives. Réputé pour s'enflammer à sa mort, pour renaître de ses cendres. Phénix
79%
Créature humanoïde mythique très intelligente particulièrement compétente en matière de guérison magique, de tir à l'arc, de divination et d'astronomie. Centaure
68%
Créature ne faisant son apparition qu'à la pleine-lune. Réputée pour son agressivité. Loup-garou
68%
Créature mythique égyptienne dotée d'une tête humaine et d'un corps de lion. Réputée pour son intelligence, ses énigmes, et ses devinettes. Sphinx
63%
Créature ayant la tête d'un aigle géant, ainsi qu'un corps de cheval. Agressive uniquement lorsqu'elle se sent insultée ou agressée. Hippogriffe
61%
Animal dotée d'une fourrure noire bouffante et d'un museau allongé. Particulièrement attirée par tout ce qui brille. Niffleur
58%
Créature effrayante pouvant atteindre jusqu'à 3m de hauteur. Célèbre pour sa stupidité et sa violence (ce qui la rend imprévisible) Troll
58%
Monstrueuse araignée dotée de huit yeux et de la faculté de parler aux humains. Acromentule
52%
Monstre grec doté d'une tête de lion, d'un corps de chèvre et d'une queue de dragon. Chimère
40%
Créature ressemblant vaguement à un troll crasseux aux dents proéminentes se logeant principalement dans le grenier ou les granges de sorciers. Goule
40%
Petite créature vivant et protégeant les arbres si ces-derniers sont menacés en crevant les yeux des assaillants à l"aide de ses longs doigts pointus. Difficile à repérer par sa petite taille (environ 20cm) et sa ressemblance avec les arbres. Botruc
39%
Créature de forme sphérique, dotée d'une épaisse fourrure crème ou rose. Très affectueuse et docile. Boursouf
39%
Créature humanoïde repoussante envahissant les jardins d'Europe du Nord et d'Amérique du Nord. Réputée pour son intelligence limitée et son corps disproportionné. Gnome
36%
Créature aquatique de couleur vert pâle, aggressif envers les humains. Dotée de très longs doigts puissant, mais faciles à briser. Strangulot
35%
Créature mythique grecque dotée de la tête ainsi que des pattes arrières d'un aigle, ainsi que d'un corps de lion. Griffon
34%
Créature mythique vivant exclusivement en Irlande. Ce petit être vivant exclusivement dans les bois est réputé pour ses farces. Farfadet
28%
Créature originaire d'Extrême-Orient capable de se rendre invisible si celle-ci se sent menacée. Demiguise
20%
Sorte de réptile vivant et se nourissant de flammes. Son sang est réputé pour être doté de puissantes proriétés curatives et reconstituantes. Salamandre
20%
Créature grecque extrêmement dangereuse dotée d'une tête humaine, un corps de lion et une queue de scorpion. Manticore
17%
Créature ressemblant à une tortue, avec une carapace dotée de pierre précieuse. On note également sa capacité à cracher des boules de feu de part son orifice anal. Crabe de feu
15%
Créature semblable à un rat, avec sur le dos une excroissance ressemblant à une anémone de mer. Son essence a des propriétés curatives. Murlap
14%
Minuscule oiseau extrêment rare de couleur doré. Célèbre pour son habileté et sa rapidité. Ancêtre du Vif d'Or. Vivet doré
13%
Petite créature humanoïde recouverte d'une épaisse fourrure noire pourvue de dents pointues et venimeuses. Doxy
11%
Magnifique créature marchant sur deux pattes, dotée de plumes et d'ailes avec un corps de serpent (jusqu'à 4m50). Occamy
11%
Aucun quiz correspondant
Distribution des résultats
% des personnes avec chaque résultat
Percentile par nombre de réponses
Votre historique - résultats
Vous n’avez pas pris ce quiz